02453 a2200205 45000010006000000050017000060080041000230030015000640400040000790800078001192450103001970200022003002640034003223000032003565051706003880410008020941000020021027000026021228560099021485161520260407155803.0260407a2020 arg spa dAR-UNSa-BCEJYS aAR-UNSa-BCEJYSbspacAR-UNSa-BCEJYS a336.226.1xImpuestos a las ganancias o los beneficios (Impuesto Diferido)10aImpuesto a las gananciaspfundamentos teóricos y la técnica de su aplicación en la Argentina a978-987-01-2635-5 1aBuenos Aires :bErreparc2020 a2 v. (676 ; 707 p.)c24 cm. aVol. I: 1. Fundamentos teóricos del impuesto a la renta - 2. El impuesto a las ganancias argentino - 3. Objeto del impuesto - 4. Sujeto de gravamen - 5. Vínculo jurisdiccional. Fuente Argentina. Criterio de Residencia o renta mundial - 6. Beneficiarios del exterior - 7. Precios de transferencia - 8. Convenios para evitar la doble imposición internacional (CDI) - 9. Deducciones personales y exenciones - 10. Imputación a la renta -- Vol. II: 11. Primera categoría. Determinación de las rentas de fuente argentina y extranjera - 12. Segunda categoría - 13. El gravamen a la renta financiera. Objeto. Sujetos. Beneficiarios del exterior. Conceptos alcanzados. Determinación de la ganancia. Quebrantos: Distintos supuestos. Deducción especial. Venta de inmuebles. Normas de transición - 14. Cuarta categoría - 15. Tercera categoría - 16. Amortizaciones y venta y reemplazo. Regímenes de promoción - 17. Bienes de cambio - 18. Malos créditos. Previsiones y reservas - 19. Diferencias de cambio. Rentas de fuente Argentina y extranjera - 20. Determinación del resultado de venta de bienes - 21. El ajuste por inflación - 22. Casos especiales en la tercera categoría: explotaciones agropecuarias - 23. Casos especiales en la tercera categoría: operaciones inmobiliarias en general. Industria de la construcción. Loteos - 24. Casos especiales en la tercera categoría: tributación de las industrias del petróleo, gas y minería - 25. Casos especiales en la tercera categoría: reorganización de empresas - 26. Liquidación, ingreso, retenciones y otras formas de pagos a cuenta del impuesto. Crédito por impuestos análogos abonados a fiscos extranjeros aspa1 aGebhardt, Jorge1 aMalvitano, Rubén H.41uhttps://www.biblioeco.unsa.edu.ar/pmb/images/libros/L128261.jpgyImagen de portadaqimage/jpeg